|
|
|
|
| LEADER |
01281nam a22003497a 4500 |
| 001 |
mzk03001061401 |
| 003 |
CZ BrMZK |
| 005 |
20161121192037.0 |
| 007 |
ta |
| 008 |
080331s1584 be bf fr|||||00| ||latod |
| 040 |
|
|
|a BOA001
|b cze
|c BOA001
|
| 072 |
|
7 |
|a 094
|x Staré tisky
|2 Konspekt
|9 12
|
| 080 |
|
|
|a (0.068)094
|2 MRF
|
| 100 |
1 |
|
|a Ortelius, Abraham,
|d 1527-1598
|7 jn20011211108
|4 aut
|
| 245 |
1 |
0 |
|a Itinerarium per nonnullas Galliae Belgicae partes, Abrahami Ortelii et Ioanni Viviani. Ad Gerardum Mercatorem, cosmographum
|
| 260 |
|
|
|a Antverpiae :
|b Christoph. Plantin,
|c 1584
|
| 300 |
|
|
|a 76, [3] s., [2] příl. ;
|c 8°
|
| 500 |
|
|
|a Výzdoba: Signet, iniciály, mědirytinové přílohy
|
| 501 |
|
|
|a Přívazek 3 k: De peregrinatione et agro Neapolitano ... / Hieronymus Turler
|
| 510 |
3 |
|
|a IDS Basel Bern
|
| 653 |
|
|
|a Belgie - cestopisy
|
| 655 |
|
7 |
|a staré tisky
|7 fd422076
|2 czenas
|
| 700 |
1 |
|
|a Vivien, Jean,
|d asi 1520-1598
|7 mzk2016933979
|4 aut
|
| 903 |
|
|
|a RP
|
| 910 |
|
|
|a BOA001
|b ST1-0544.770,přív.3
|
| 978 |
|
|
|b Plantin, Christoph
|a Antwerpen
|c 1584
|
| 984 |
|
|
|a Antverpy
|b Belgie
|
| 985 |
|
|
|a 1551-1600
|
| 990 |
|
|
|a BK
|
| 993 |
|
|
|a Y
|
| 991 |
|
|
|k mzk
|
| 994 |
|
|
|a UP
|l MZK03
|b 001061398
|m přívazek 3
|n záznam 1. díla (pro objednání pokračujte kliknutím)
|